000 004640000a22001810004500
003 MACL
005 20160128125234.0
008 160128b xxu||||| |||| 00| 0 eng d
040 _aMACL
_cMACL
041 _aEnglish
082 _a920.71/MOH
100 _aMohanty, J.N.
_934811
245 _aBetween Two Worlds East and West
260 _bOxford University Press
_c2002
_aDelhi
350 _a345
650 _aAutobiography
_934812
942 _cBK
_k920.71/Moh
_2ddc
999 _c32187
_d32187